Psychosoziale Belastungen, Bewältigungsverhalten und Gesundheit
| Main Author: | |
|---|---|
| Format: | Print Article |
| Language: | German |
| Published: |
1989
|
| In: |
Prävention
Year: 1989, Volume: 12, Issue: 1, Pages: 10-15 |
| Availability in Tübingen: | Present in Tübingen. IFK: 6519 |
| Check availability: | HBZ Gateway |
| Keywords: |
MARC
| LEADER | 00000caa a22000002c 4500 | ||
|---|---|---|---|
| 001 | 1632150425 | ||
| 003 | DE-627 | ||
| 005 | 20241121172202.0 | ||
| 007 | tu | ||
| 008 | 130611s1989 gw ||||| 00| ||ger c | ||
| 035 | |a (DE-627)1632150425 | ||
| 035 | |a (DE-576)383461340 | ||
| 035 | |a (DE-599)BSZ383461340 | ||
| 040 | |a DE-627 |b ger |c DE-627 |e rakwb | ||
| 041 | |a ger | ||
| 044 | |c XA-DE | ||
| 100 | 1 | |a Franz, Heinz Jörgen |0 (DE-627)1230997008 |0 (DE-576)160997003 |4 aut | |
| 109 | |a Franz, Heinz Jörgen |a Franz, Heinz J. |a Franz, Heinz-Jörgen | ||
| 245 | 1 | 0 | |a Psychosoziale Belastungen, Bewältigungsverhalten und Gesundheit |c ein Überblick über das Coping-Konzept; Heinz-Jörgen Franz |
| 264 | 1 | |c 1989 | |
| 336 | |a Text |b txt |2 rdacontent | ||
| 337 | |a ohne Hilfsmittel zu benutzen |b n |2 rdamedia | ||
| 338 | |a Band |b nc |2 rdacarrier | ||
| 500 | |a Band: 12; Heft: 1; Seiten: 10-15 | ||
| 773 | 0 | 8 | |i In |t Prävention |d Duisburg : Sabo, 1978 |g 12(1989), 1, Seite 10-15 |w (DE-627)12932843X |w (DE-600)133813-4 |w (DE-576)01457859X |x 0170-2602 |7 nnas |
| 773 | 1 | 8 | |g volume:12 |g year:1989 |g number:1 |g pages:10-15 |
| 889 | |w (DE-627)544578082 | ||
| 935 | |i mdedup | ||
| 951 | |a AR | ||
| ELC | |b 1 | ||
| LOK | |0 000 xxxxxcx a22 zn 4500 | ||
| LOK | |0 001 328387588X | ||
| LOK | |0 003 DE-627 | ||
| LOK | |0 004 1632150425 | ||
| LOK | |0 005 20130625092440 | ||
| LOK | |0 008 130611||||||||||||||||ger||||||| | ||
| LOK | |0 040 |a DE-21-110 |c DE-627 |d DE-21-110 | ||
| LOK | |0 689 |a s |a Psychosoziale Belastungen | ||
| LOK | |0 689 |a s |a Bewältigungsverhalten | ||
| LOK | |0 689 |a s |a Coping | ||
| LOK | |0 852 |a DE-21-110 | ||
| LOK | |0 852 1 |c 6519 |m p |9 00 | ||
| LOK | |0 935 |a k110 | ||
| LOK | |0 938 |k p | ||
| LOK | |0 939 |a 11-06-13 |b l01 | ||
| ORI | |a SA-MARC-krimdoka001.raw | ||
| SIG | |a IFK: 6519 | ||
